00474nam a2200157 a 4500008004100000020001500041050001600056100002200072245007900094250001200173260003500185300001400220350000900234650003400243650003900277120416s1980 ||||||||||||||||| || u a0395293413 aQD 31.2 Bat aBatten, Charles F10aAssorted practice problems to accompany Becker/Wentworth general chemistry a2nd ed. aBostonbHoughton Mifflinc1980 aiii, 73p. a0.00 aCHEMISTRY--STUDY AND TEACHING 0aCHEMISTRY--HANDBOOKS, MANUALS, ETC